000 01343nam a2200217Ia 4500
003 Ost
005 20260507075021.0
008 260507s9999||||xx |||||||||||||| ||und||
040 _cfsecg
041 _aara
082 _a658.83
100 _aمعلاّ، ناجي
_eمؤلف
245 0 _aبحوث التسويق :
_bمدخل منهجي تحليلي /
_c ناجي معلاّ
260 _aعمان:
_bدار وائل للنشرو التوزيع,
_c2002
300 _a336 صفحة؛
_bإيضاحات ؛
_c24 سم
520 _aمقدمة في بحوث التسويق- أنواع بحوث التسويق- المنهجية العلمية وأساليب البحث العلمي- القياس في البحوث التسويق- أساليب جمع البيانات التسويقية- الاسلوب التجريبي وبحوث التسويق- العينات وأنواعها- بحوث التطوير السلعي وإبتكار المنتاجات الجديدة- بحوث النمط الإستهلاكي ونوايا الشراء- مراجعة وتصنيف البيانات التسويقية- تحليل البيانات التسويقية- إعداد التقرير النهائي وتقديم التوصيات
653 _aأساليب-بحث
653 _aالتسويق-البحوث
653 _aالمنهجية
942 _cكتاب
999 _c42271
_d42271